000 01114nam a2200277 a 4500
001 000038813
003 DO-SdBNP
005 20250221073755.0
008 130425s2013 dr ad 001 0 spa d
020 _a9789945888812
040 _aDO-SdBNP
_bspa
_cBNPHU
082 _a304.87293
_bR426pr, 2012
_222
110 1 _aRepública Dominicana.
_bOficina Nacional de Estadística
_95775
245 1 0 _aPrimera encuesta nacional de inmigrantes en la República Dominicana :
_bENI-2012, versión resumida del informe general.
260 _aSanto Domingo :
_bONE,
_c2013.
300 _a39 p. :
_bil., gráfcs., tabls. ;
_c27 cm.
590 _aInventariado, 2018/VM
650 4 _aInmigrantes
_zRepública Dominicana
_965109
_vEncuestas
_y2012
650 4 _aEncuestas demográficas
_965110
_zRepública Dominicana
_y2012
650 4 _aModelos de inmigración
_965111
651 4 _aRepública Dominicana
_xCensos
_92322
651 4 _aRepública Dominicana
_xPoblación
_xEstadísticas
_92321
_y2012
651 4 _aRepública Dominicana
_xEstadística Vital
_932045
910 _aValidado. Control de calidad EMS
942 _2ddc
_cLBS1
999 _c38303
_d38303